01152nab a22002537a 4500003000400000005001700004008004100021040000700062100002200069245019200091260007300283300001300356500003400369505010400403505008100507650001800588650002000606650003100626650001800657650002600675650001700701650003000718773015000748OSt20260202112230.0190429b xxu||||| |||| 00| 0 spa d cPJ aAboso, Gustavo E.10aPerspectiva de género y discapacidad en la valoración de la prueba, con especial referencia al ejercicio de la legítima defensa por parte de la mujer violentada /cGustavo E. Aboso. cCiudad Autónoma de Buenos Aires :aThomson Reuters La Ley, b2023. ap. 52-60 aCita Online: AR/DOC/568/2023. aFallo comentado: CS ~ 23/02/2023 ~ D., N. L. s/ recurso extraordinario de inaplicabilidad de ley.  tSi te interesa el texto completo, solicitalo a koha@justierradelfuego.gov.ar 0aDERECHO PENAL 0aDOBLE INSTANCIA 0aFALLOS DE LA CORTE SUPREMA 0aPROCESO PENAL 0aVIOLENCIA DE GÉNERO 0aABUSO SEXUAL 0aPERSONAS CON DISCAPACIDAD0 02658tRevista de derecho penal y criminología. Nº 7 - Agosto 2023dCiudad Autónoma de Buenos Aires : Thomson Reuters La Ley, 2017-x00347914